| 000 | 00378nam a2200145Ia 4500 | ||
|---|---|---|---|
| 008 | 240624s9999 xx 000 0 und d | ||
| 041 | _aeng | ||
| 082 | _a658.421 LAC | ||
| 100 | _aLACY SARAH | ||
| 245 | _aBRILLIANT CRAZY COCKY HOW THE TOP 1 OF E | ||
| 250 | _a11 | ||
| 260 |
_c2011 _aNew Jersey _bJohn Wiley and Sons |
||
| 300 | _axiii, : 242 : p. : cm. ; 23 | ||
| 365 |
_c _b27 |
||
| 999 |
_c17690 _d17690 |
||